[Event "WchT Seniors 50"]
[Site "Struga"]
[Date "2023.09.26"]
[Round "7.1"]
[White "Denk, Adolf"]
[Black "Ning, Chunhong"]
[Result "0-1"]
[WhiteElo "2186"]
[BlackElo "2266"]
[PlyCount "58"]
[EventDate "2023.09.19"]
[EventType "team-swiss"]
[EventRounds "9"]
[EventCountry "MKD"]
[SourceTitle "EXT 2024"]
[Source "ChessBase"]
[SourceDate "2023.10.10"]
[SourceVersion "1"]
[SourceVersionDate "2023.10.10"]
[SourceQuality "1"]
[WhiteTeam "Austria 50"]
[BlackTeam "China Shenzhen 50 (W)"]
[WhiteTeamCountry "AUT"]
[BlackTeamCountry "CHN"]

1. d4 Nf6 2. Nf3 g6 3. g3 Bg7 4. Bg2 d5 5. c4 c6 6. cxd5 cxd5 7. 0-0 Nc6 8. Nc3 Ne4 9. e3 Nxc3 10. bxc3 0-0 11. Nd2 Be6 12. e4 dxe4 13. Nxe4 Bd5 14. Qe2 Na5 15. Rd1 Rc8 16. Bd2 b6 17. Be1 h6 18. f3 Qd7 19. Nf2 Qb7 20. Ng4 Nc4 21. Ne3 Nxe3 22. Qxe3 Rfe8 23. Qf2 e6 24. Rdb1 e5 25. Rb2 exd4 26. cxd4 Rc4 27. Rd1 Rxd4 28. Rbd2 Rxd2 29. Bxd2 Qa6 0-1

[Event "WchT Seniors 50"]
[Site "Struga"]
[Date "2023.09.21"]
[Round "3.2"]
[White "Sapis, Witalis"]
[Black "Ning, Chunhong"]
[Result "1-0"]
[WhiteElo "2375"]
[BlackElo "2266"]
[PlyCount "73"]
[EventDate "2023.09.19"]
[EventType "team-swiss"]
[EventRounds "9"]
[EventCountry "MKD"]
[SourceTitle "EXT 2024"]
[Source "ChessBase"]
[SourceDate "2023.10.10"]
[SourceVersion "1"]
[SourceVersionDate "2023.10.10"]
[SourceQuality "1"]
[WhiteTeam "Poland 50"]
[BlackTeam "China Shenzhen 50 (W)"]
[WhiteTeamCountry "POL"]
[BlackTeamCountry "CHN"]

1. d4 d6 2. c4 e5 3. Nf3 e4 4. Ng5 f5 5. Nc3 Be7 6. Nh3 Nf6 7. f3 0-0 8. Nf2 d5 9. cxd5 exf3 10. exf3 Kh8 11. Bc4 a6 12. a4 Nbd7 13. Ba2 b5 14. Nd3 b4 15. Ne2 Nb6 16. 0-0 Nbxd5 17. Nef4 Qd6 18. Re1 c6 19. Nxd5 Nxd5 20. Bxd5 cxd5 21. Bf4 Qd8 22. Rc1 Bd6 23. Qd2 a5 24. Bxd6 Qxd6 25. Qf4 Qb6 26. Rc7 Be6 27. Nc5 Rae8 28. Rb7 Qc6 29. Qc7 Qxc7 30. Rxc7 Bg8 31. Ree7 Rxe7 32. Rxe7 Ra8 33. Kf2 h6 34. h4 f4 35. Rc7 h5 36. Nd3 b3 37. Rc5 1-0

[Event "CHN-chT (Women)"]
[Site "Liaocheng"]
[Date "2021.10.21"]
[Round "2.2"]
[White "Ning, Chunhong"]
[Black "Zhang, Xiao"]
[Result "1/2-1/2"]
[WhiteElo "2270"]
[BlackElo "2091"]
[PlyCount "43"]
[EventDate "2021.10.20"]
[EventType "team-tourn"]
[EventRounds "9"]
[EventCountry "CHN"]
[SourceTitle "CBM 204 Extra"]
[Source "ChessBase"]
[SourceDate "2021.11.30"]
[SourceVersion "1"]
[SourceVersionDate "2021.11.30"]
[SourceQuality "1"]
[WhiteTeam "Tianjin (W)"]
[BlackTeam "Jiangsu (W)"]
[WhiteTeamCountry "CHN"]
[BlackTeamCountry "CHN"]

1. e4 c6 2. c4 d5 3. exd5 cxd5 4. d4 Nf6 5. Nc3 Nc6 6. Nf3 Bg4 7. cxd5 Nxd5 8. Qb3 Bxf3 9. gxf3 e6 10. Qxb7 Nxd4 11. Bb5+ Nxb5 12. Qc6+ Ke7 13. Qxb5 Qd7 14. Nxd5+ Qxd5 15. Qe2 f6 16. 0-0 Kf7 17. Rd1 Qb7 18. Re1 Qd5 19. Rd1 Qb7 20. Re1 Qd5 21. Rd1 Qb7 22. Re1 1/2-1/2

[Event "CHN-chT (Women)"]
[Site "Liaocheng"]
[Date "2021.10.20"]
[Round "1.2"]
[White "Jiang, Zhaoyi"]
[Black "Ning, Chunhong"]
[Result "0-1"]
[WhiteElo "1896"]
[BlackElo "2270"]
[PlyCount "58"]
[EventDate "2021.10.20"]
[EventType "team-tourn"]
[EventRounds "9"]
[EventCountry "CHN"]
[SourceTitle "CBM 204 Extra"]
[Source "ChessBase"]
[SourceDate "2021.11.30"]
[SourceVersion "1"]
[SourceVersionDate "2021.11.30"]
[SourceQuality "1"]
[WhiteTeam "Heilongjiang (W)"]
[BlackTeam "Tianjin (W)"]
[WhiteTeamCountry "CHN"]
[BlackTeamCountry "CHN"]

1. d4 Nf6 2. Nf3 g6 3. c4 Bg7 4. Nc3 c5 5. d5 e6 6. e4 exd5 7. cxd5 d6 8. Bd3 0-0 9. 0-0 a6 10. a4 Bg4 11. h3 Bxf3 12. Qxf3 Nbd7 13. Qe2 Re8 14. Kh2 Rc8 15. f4 c4 16. Bc2 Qa5 17. Be3 Nc5 18. Qf3 Nd3 19. Bxd3 cxd3 20. Bd4 Ng4+ 21. hxg4 Bxd4 22. Qxd3 Bxc3 23. bxc3 Qxc3 24. Qb1 Qc2 25. Qxb7 Qxe4 26. Ra2 a5 27. Rff2 Rc5 28. Qa6 Rxd5 29. Qc6 Rh5+ 0-1

[Event "CHN-chT (Women)"]
[Site "Daqing"]
[Date "2019.06.25"]
[Round "7.2"]
[White "Ning, Chunhong"]
[Black "Guo, Qi"]
[Result "0-1"]
[WhiteElo "2280"]
[BlackElo "2367"]
[PlyCount "110"]
[EventDate "2019.06.19"]
[EventType "team-swiss"]
[EventRounds "9"]
[EventCountry "CHN"]
[SourceTitle "CBM 191 Extra"]
[Source "ChessBase"]
[SourceDate "2019.09.30"]
[SourceVersion "1"]
[SourceVersionDate "2019.09.30"]
[SourceQuality "1"]
[WhiteTeam "Tianjin (W)"]
[BlackTeam "Jiangsu (W)"]
[WhiteTeamCountry "CHN"]
[BlackTeamCountry "CHN"]

1. e4 e6 2. d3 d5 3. Nd2 Nf6 4. g3 dxe4 5. dxe4 e5 6. Ngf3 Bc5 7. Bg2 0-0 8. 0-0 Qe7 9. c3 a5 10. Qc2 Nc6 11. Nc4 Rd8 12. Be3 Be6 13. Bxc5 Qxc5 14. Ne3 h6 15. Rad1 g6 16. h3 Kg7 17. Rfe1 b5 18. b3 Rd6 19. Rxd6 cxd6 20. g4 Rc8 21. g5 hxg5 22. Nxg5 Bd7 23. Qd3 Nd8 24. c4 bxc4 25. Nxc4 Nb7 26. Qf3 Rh8 27. Rd1 Rh4 28. Rd2 Bc6 29. Qg3 Rf4 30. Qe3 Bxe4 31. Qxc5 Nxc5 32. Nxd6 Bxg2 33. Kxg2 Nfd7 34. Nge4 Nxe4 35. Nxe4 Rxe4 36. Rxd7 Re2 37. Rd5 a4 38. bxa4 Kf6 39. Kf3 Rxa2 40. Ra5 Kf5 41. Ra8 Ra3+ 42. Kg2 Kf4 43. Ra6 Kf5 44. a5 e4 45. h4 Ra2 46. Kg3 Ke5 47. Ra7 f5 48. Re7+ Kf6 49. Ra7 Ra3+ 50. Kg2 f4 51. a6 Ra2 52. Kg1 Kf5 53. h5 gxh5 54. Ra8 Kg4 55. a7 Kf3 0-1

[Event "CHN-chT"]
[Site "China"]
[Date "2015.08.20"]
[Round "12.4"]
[White "Ju, Wenjun"]
[Black "Ning, Chunhong"]
[Result "1-0"]
[WhiteElo "2557"]
[BlackElo "2292"]
[PlyCount "69"]
[EventDate "2015.04.10"]
[EventType "team-match"]
[EventRounds "22"]
[EventCountry "CHN"]
[SourceTitle "EXT 2016"]
[Source "ChessBase"]
[SourceDate "2015.10.08"]
[SourceVersion "1"]
[SourceVersionDate "2015.10.08"]
[SourceQuality "1"]
[WhiteTeam "Shanghai"]
[BlackTeam "Tianjing"]
[WhiteTeamCountry "CHN"]
[BlackTeamCountry "CHN"]

1. c4 c5 2. Nf3 Nc6 3. Nc3 g6 4. e3 Nf6 5. d4 cxd4 6. exd4 d5 7. cxd5 Nxd5 8. Qb3 Nxc3 9. Bc4 Nd5 10. Bxd5 e6 11. Bxc6+ bxc6 12. 0-0 Bg7 13. Bf4 0-0 14. Rfc1 Bxd4 15. Nxd4 Qxd4 16. Bh6 Re8 17. Qf3 Rb8 18. Rc2 c5 19. Rd1 Bb7 20. Rxd4 Bxf3 21. Rxc5 Bd5 22. b3 a6 23. h3 Rb5 24. Rc7 e5 25. Ra4 Bb7 26. Rd7 Bc8 27. Ra7 Rb6 28. Rc4 Be6 29. Rc5 Bf5 30. Rxe5 Rd8 31. Ra5 Bc8 32. Ra8 Rc6 33. Re5 Rc2 34. Re7 Rc6 35. b4 1-0

[Event "CHN-chT"]
[Site "China"]
[Date "2014.09.12"]
[Round "15.2"]
[White "Ning, Chunhong"]
[Black "Yang, Yingxia"]
[Result "1-0"]
[WhiteElo "2287"]
[BlackElo "1803"]
[PlyCount "99"]
[EventDate "2014.04.12"]
[EventType "team-tourn"]
[EventRounds "22"]
[EventCountry "CHN"]
[SourceTitle "EXT 2015"]
[Source "ChessBase"]
[SourceDate "2014.11.20"]
[SourceVersion "1"]
[SourceVersionDate "2014.11.20"]
[SourceQuality "1"]
[WhiteTeam "Tianjing"]
[BlackTeam "Qingdao Qingwei"]
[WhiteTeamCountry "CHN"]
[BlackTeamCountry "CHN"]

1. d4 e6 2. Nf3 Nf6 3. Bg5 Be7 4. Nbd2 d5 5. e3 Nbd7 6. c3 Ne4 7. Bxe7 Qxe7 8. Nxe4 dxe4 9. Nd2 f5 10. f3 exf3 11. Qxf3 0-0 12. 0-0-0 Rb8 13. e4 fxe4 14. Qxe4 Nf6 15. Qh4 Bd7 16. Bd3 g6 17. Rhf1 Qg7 18. Rde1 Nd5 19. Nc4 Rxf1 20. Rxf1 Rf8 21. Rxf8+ Qxf8 22. Ne5 Bc8 23. Qg5 Qf4+ 24. Qxf4 Nxf4 25. Be4 Kf8 26. Kd2 Ke7 27. c4 Nh5 28. Ke3 c6 29. b4 Nf6 30. Bf3 Nd7 31. Kf4 Kf6 32. Ng4+ Kg7 33. c5 h6 34. h4 Nf6 35. Ke5 Ne8 36. a4 Bd7 37. Ne3 Kf7 38. h5 g5 39. Ng4 Kg7 40. Be4 Bc8 41. Bg6 Nc7 42. Ne3 Kf8 43. Kd6 Na8 44. Ng4 Kg7 45. g3 a6 46. a5 e5 47. Nxe5 Kf6 48. Nd7+ Kg7 49. Nb6 Nxb6 50. axb6 1-0

[Event "CHN-chT"]
[Site "China"]
[Date "2013.12.23"]
[Round "21.3"]
[White "Ning, Chunhong"]
[Black "Guo, Qi"]
[Result "1/2-1/2"]
[WhiteElo "2295"]
[BlackElo "2439"]
[PlyCount "61"]
[EventDate "2013.04.30"]
[EventType "team-tourn"]
[EventRounds "22"]
[EventCountry "CHN"]
[SourceTitle "EXT 2015"]
[Source "ChessBase"]
[SourceDate "2014.11.20"]
[SourceVersion "1"]
[SourceVersionDate "2014.11.20"]
[SourceQuality "1"]
[WhiteTeam "Tianjin"]
[BlackTeam "Jiangsu"]
[WhiteTeamCountry "CHN"]
[BlackTeamCountry "CHN"]

1. e4 c6 2. c4 d5 3. exd5 cxd5 4. d4 Nf6 5. Nc3 g6 6. Qb3 Bg7 7. cxd5 0-0 8. g3 Nbd7 9. Bg2 Nb6 10. Nge2 Bf5 11. 0-0 Qd7 12. Bg5 h6 13. Bxf6 Bxf6 14. Rad1 Rfd8 15. Ne4 Bxe4 16. Bxe4 Nxd5 17. Nc3 e6 18. Nxd5 exd5 19. Bg2 Rac8 20. Rc1 Rc4 21. Rxc4 dxc4 22. Qxc4 Bxd4 23. b3 b6 24. Qc6 Qxc6 25. Bxc6 Rc8 26. Be4 Rd8 27. Bf3 Bc5 28. Rd1 Rxd1+ 29. Bxd1 Kg7 30. Kg2 Kf6 31. f4 1/2-1/2

[Event "CHN-chT"]
[Site "China"]
[Date "2013.11.12"]
[Round "16.2"]
[White "Ding, Yixin"]
[Black "Ning, Chunhong"]
[Result "1-0"]
[WhiteElo "2427"]
[BlackElo "2295"]
[PlyCount "85"]
[EventDate "2013.04.30"]
[EventType "team-tourn"]
[EventRounds "22"]
[EventCountry "CHN"]
[SourceTitle "EXT 2015"]
[Source "ChessBase"]
[SourceDate "2014.11.20"]
[SourceVersion "1"]
[SourceVersionDate "2014.11.20"]
[SourceQuality "1"]
[WhiteTeam "Zhejiang"]
[BlackTeam "Tianjin"]
[WhiteTeamCountry "CHN"]
[BlackTeamCountry "CHN"]

1. Nf3 Nf6 2. g3 d5 3. Bg2 c5 4. b3 Nc6 5. Bb2 g6 6. 0-0 Bg7 7. e3 0-0 8. d4 cxd4 9. exd4 Bf5 10. c4 Rc8 11. Qe2 Nb4 12. Ne1 Re8 13. Nd2 Qd7 14. Ndf3 Bh3 15. Ne5 Qe6 16. f3 Bxg2 17. Nxg2 Qa6 18. Rf2 dxc4 19. bxc4 Nc6 20. f4 e6 21. Qf3 Red8 22. Rd1 Ne8 23. d5 exd5 24. cxd5 Ne7 25. f5 Nxf5 26. g4 Bxe5 27. Bxe5 Nfd6 28. Ba1 Qa4 29. Rdf1 Rd7 30. Re2 Rc2 31. Re5 Rxa2 32. Qe3 Rd8 33. Qc3 f6 34. Re3 Qxg4 35. Rg3 Qc4 36. Qe1 Qxd5 37. Nf4 Qe4 38. Qd1 Nf7 39. Qc1 Qc2 40. Qxc2 Rxc2 41. Re3 Ne5 42. Bxe5 fxe5 43. Ne6 1-0

[Event "CHN-chT"]
[Site "China"]
[Date "2013.10.13"]
[Round "14.1"]
[White "Ning, Chunhong"]
[Black "Munguntuul, Batkhuyag"]
[Result "0-1"]
[WhiteElo "2303"]
[BlackElo "2436"]
[PlyCount "94"]
[EventDate "2013.04.30"]
[EventType "team-tourn"]
[EventRounds "22"]
[EventCountry "CHN"]
[SourceTitle "EXT 2014"]
[Source "ChessBase"]
[SourceDate "2013.11.20"]
[SourceVersion "1"]
[SourceVersionDate "2013.11.20"]
[SourceQuality "1"]
[WhiteTeam "Tianjin"]
[BlackTeam "Guangdong"]
[WhiteTeamCountry "CHN"]
[BlackTeamCountry "CHN"]

1. d4 Nf6 2. Nf3 g6 3. Bg5 Bg7 4. Nbd2 c5 5. e3 cxd4 6. exd4 Nc6 7. c3 0-0 8. Be2 d6 9. 0-0 Qc7 10. Nc4 e5 11. dxe5 dxe5 12. Qd6 Ne8 13. Qxc7 Nxc7 14. Rfd1 Be6 15. Be3 h6 16. a4 Rfd8 17. Bc5 b6 18. Bd6 Ne8 19. Ba3 Rac8 20. Nfd2 Rd7 21. Kf1 Rcd8 22. Ke1 f5 23. Nb3 Bd5 24. f3 e4 25. fxe4 Bxe4 26. Bf3 Bxf3 27. gxf3 Ne5 28. Nxe5 Bxe5 29. h3 Bg3+ 30. Ke2 Nf6 31. Rxd7 Rxd7 32. Rd1 Nd5 33. Rd4 Be5 34. Rc4 Nf4+ 35. Kf1 Rd1+ 36. Kf2 Nxh3+ 37. Ke2 Rd8 38. a5 Nf4+ 39. Ke1 h5 40. axb6 axb6 41. Kf2 Re8 42. Rc6 h4 43. Bd6 h3 44. Bxe5 Rxe5 45. Kg1 Re1+ 46. Kh2 Re2+ 47. Kh1 Kh7 0-1

[Event "CHN-chT"]
[Site "Beijing"]
[Date "2012.06.27"]
[Round "5.2"]
[White "Khotenashvili, Bela"]
[Black "Ning, Chunhong"]
[Result "0-1"]
[WhiteElo "2500"]
[BlackElo "2328"]
[PlyCount "110"]
[EventDate "2012.04.28"]
[EventType "team-tourn"]
[EventRounds "22"]
[EventCountry "CHN"]
[SourceTitle "EXT 2014"]
[Source "ChessBase"]
[SourceDate "2013.11.20"]
[SourceVersion "1"]
[SourceVersionDate "2013.11.20"]
[SourceQuality "1"]
[WhiteTeam "Wuxi"]
[BlackTeam "Tianjin"]
[WhiteTeamCountry "CHN"]
[BlackTeamCountry "CHN"]

1. Nf3 c5 2. g3 Nc6 3. Bg2 g6 4. c4 Bg7 5. 0-0 e6 6. Nc3 Nge7 7. d3 0-0 8. Bg5 h6 9. Bd2 d6 10. Rb1 b6 11. a3 Bb7 12. b4 Qd7 13. bxc5 dxc5 14. a4 Nb4 15. a5 Nec6 16. axb6 axb6 17. Nb5 Ra6 18. d4 Qe7 19. e3 Rd8 20. Bc3 Na2 21. Bb2 Na5 22. Qe2 Be4 23. Rbd1 Nb4 24. Ne5 Bxg2 25. Kxg2 Raa8 26. Bc3 Rac8 27. Rb1 Nac6 28. Nxc6 Nxc6 29. Rfd1 Na7 30. Qb2 cxd4 31. Bxd4 Bxd4 32. Rxd4 Nc6 33. Rh4 Kh7 34. Nc3 Qf6 35. Rf4 Qg7 36. Na4 g5 37. Qxg7+ Kxg7 38. Re4 Na5 39. Nxb6 Rc6 40. Rb5 f5 41. Ree5 Rb8 42. c5 Nc4 43. f4 Nxe5 44. fxe5 Rd8 45. Kf3 Rd2 46. h3 h5 47. Nc4 Rc2 48. Nd6 R6xc5 49. Rb7+ Kg6 50. g4 fxg4+ 51. hxg4 hxg4+ 52. Kxg4 Rxe5 53. Nf7 Rc4+ 54. Kg3 Rxe3+ 55. Kf2 Ree4 0-1

[Event "CHN-chT"]
[Site "Beijing"]
[Date "2012.04.29"]
[Round "2.4"]
[White "Ning, Chunhong"]
[Black "Wang, Doudou"]
[Result "0-1"]
[WhiteElo "2328"]
[BlackElo "2186"]
[PlyCount "48"]
[EventDate "2012.04.28"]
[EventType "team-tourn"]
[EventRounds "22"]
[EventCountry "CHN"]
[SourceTitle "EXT 2014"]
[Source "ChessBase"]
[SourceDate "2013.11.20"]
[SourceVersion "1"]
[SourceVersionDate "2013.11.20"]
[SourceQuality "1"]
[WhiteTeam "Tianjin"]
[BlackTeam "Hebei"]
[WhiteTeamCountry "CHN"]
[BlackTeamCountry "CHN"]

1. e4 e5 2. Nf3 Nc6 3. Bb5 f5 4. d4 fxe4 5. Nxe5 Nxe5 6. dxe5 c6 7. Bc4 Qa5+ 8. Bd2 Qxe5 9. Bc3 Qf5 10. 0-0 d5 11. Be2 Nf6 12. f3 Bc5+ 13. Kh1 0-0 14. fxe4 Qxe4 15. Nd2 Qe7 16. Nf3 Ng4 17. Bd4 Bxd4 18. Nxd4 Nf2+ 19. Rxf2 Rxf2 20. Bf3 Qe3 21. c3 Bd7 22. Qb3 Re8 23. Rg1 Rd2 24. h3 Bxh3 0-1

[Event "CHN-chT"]
[Site "Beijing"]
[Date "2012.04.28"]
[Round "1"]
[White "Hoang, Thi Bao Tram"]
[Black "Ning, Chunhong"]
[Result "1/2-1/2"]
[WhiteElo "2356"]
[BlackElo "2328"]
[PlyCount "74"]
[EventDate "2012.04.28"]
[EventType "team-tourn"]
[EventRounds "22"]
[EventCountry "CHN"]
[SourceTitle "CBM 148 Extra"]
[Source "ChessBase"]
[SourceDate "2012.06.22"]
[SourceVersion "1"]
[SourceVersionDate "2012.06.22"]
[SourceQuality "1"]
[WhiteTeam "Qingdao"]
[BlackTeam "Tianjin"]
[WhiteTeamCountry "CHN"]
[BlackTeamCountry "CHN"]

1. Nf3 Nf6 2. c4 g6 3. Nc3 c5 4. g3 Bg7 5. Bg2 0-0 6. d3 Nc6 7. Rb1 d5 8. cxd5 Nxd5 9. Bd2 b6 10. Qb3 Nxc3 11. bxc3 Bb7 12. 0-0 Qd7 13. Be3 Rac8 14. Qa3 Ba8 15. Rfd1 e5 16. Qa4 Qe7 17. h4 e4 18. dxe4 Bxc3 19. Bg5 Bf6 20. Rd2 Rcd8 21. Rbd1 Bxg5 22. Nxg5 Rxd2 23. Rxd2 Rd8 24. Rxd8+ Nxd8 25. e5 Bxg2 26. Kxg2 h6 27. Nf3 Ne6 28. h5 g5 29. Qe4 Qd7 30. Nh2 Qd4 31. Qf5 Ng7 32. Qc8+ Kh7 33. Qc7 Qe4+ 34. Kg1 Qb1+ 35. Kg2 Qe4+ 36. Kg1 Qb1+ 37. Kg2 Qe4+ 1/2-1/2

[Event "CHN-chT"]
[Site "Ningbo"]
[Date "2011.07.10"]
[Round "8"]
[White "Ju, Wenjun"]
[Black "Ning, Chunhong"]
[Result "1-0"]
[WhiteElo "2519"]
[BlackElo "2313"]
[PlyCount "51"]
[EventDate "2011.04.12"]
[EventType "team-tourn"]
[EventRounds "18"]
[EventCountry "CHN"]
[SourceTitle "EXT 2012"]
[Source "ChessBase"]
[SourceDate "2011.11.24"]
[SourceVersion "1"]
[SourceVersionDate "2011.11.24"]
[SourceQuality "1"]
[WhiteTeam "Shanghai"]
[BlackTeam "Tianjin"]
[WhiteTeamCountry "CHN"]
[BlackTeamCountry "CHN"]

1. d4 Nf6 2. c4 g6 3. Nc3 d5 4. cxd5 Nxd5 5. e3 Bg7 6. Nf3 0-0 7. Bc4 Nb6 8. Bb3 N8d7 9. e4 c5 10. d5 Ne5 11. Nxe5 Bxe5 12. 0-0 e6 13. Qf3 exd5 14. Nxd5 Nxd5 15. Bxd5 Be6 16. Bxb7 Rb8 17. Bd5 Bxd5 18. exd5 Qd6 19. h3 Rfd8 20. Rd1 Bxb2 21. Bf4 Be5 22. Bxe5 Qxe5 23. Rac1 Rb2 24. a3 Rd6 25. Rxc5 Rf6 26. d6 1-0

[Event "CHN-chT 6th"]
[Site "China"]
[Date "2010.11.03"]
[Round "17"]
[White "Ju, Wenjun"]
[Black "Ning, Chunhong"]
[Result "1-0"]
[WhiteElo "2500"]
[BlackElo "2347"]
[PlyCount "37"]
[EventDate "2010.04.16"]
[EventType "team-tourn"]
[EventRounds "18"]
[EventCountry "CHN"]
[SourceTitle "EXT 2011"]
[Source "ChessBase"]
[SourceDate "2010.11.26"]
[SourceVersion "1"]
[SourceVersionDate "2010.11.26"]
[SourceQuality "1"]

1. d4 Nf6 2. c4 e6 3. Nc3 d5 4. Nf3 Be7 5. Bf4 0-0 6. e3 b6 7. Bd3 Bb7 8. 0-0 Nbd7 9. cxd5 exd5 10. Qe2 c5 11. Rad1 Nh5 12. Be5 Nxe5 13. dxe5 d4 14. Be4 Bxe4 15. Nxe4 Qc7 16. exd4 cxd4 17. Rxd4 Rad8 18. Nd6 Qc5 19. Nb7 1-0

[Event "CHN-chT 6th"]
[Site "China"]
[Date "2010.11.02"]
[Round "16"]
[White "Guo, Qi"]
[Black "Ning, Chunhong"]
[Result "1/2-1/2"]
[WhiteElo "2143"]
[BlackElo "2347"]
[PlyCount "88"]
[EventDate "2010.04.16"]
[EventType "team-tourn"]
[EventRounds "18"]
[EventCountry "CHN"]
[SourceTitle "EXT 2011"]
[Source "ChessBase"]
[SourceDate "2010.11.26"]
[SourceVersion "1"]
[SourceVersionDate "2010.11.26"]
[SourceQuality "1"]

1. d4 d5 2. c4 dxc4 3. Nf3 Nf6 4. e3 a6 5. a4 e6 6. Bxc4 c5 7. 0-0 Nc6 8. Qe2 cxd4 9. Rd1 Be7 10. exd4 0-0 11. Nc3 Nb4 12. Bg5 Bd7 13. Ne5 Rc8 14. Bb3 Bc6 15. Nxc6 Rxc6 16. Bxf6 Bxf6 17. d5 exd5 18. Nxd5 Nxd5 19. Bxd5 Rd6 20. Bxb7 a5 21. Rxd6 Qxd6 22. Rd1 Qb4 23. Bc6 Qxb2 24. Qxb2 Bxb2 25. g3 g6 26. Rd7 Kg7 27. Bd5 h5 28. Kg2 Bc3 29. f4 Bb4 30. Kf3 Kf6 31. Ra7 Kg7 32. h3 Kf6 33. Bc4 Kg7 34. g4 hxg4+ 35. hxg4 g5 36. Rb7 gxf4 37. Kxf4 Kg6 38. Rd7 Ba3 39. Rd5 Bb4 40. Rd7 Ba3 41. Rd5 Bb4 42. Bd3+ Kg7 43. Rd7 Re8 44. Bc4 Re7 1/2-1/2

[Event "CHN-chT 6th"]
[Site "China"]
[Date "2010.07.25"]
[Round "8"]
[White "Ju, Wenjun"]
[Black "Ning, Chunhong"]
[Result "1-0"]
[WhiteElo "2500"]
[BlackElo "2347"]
[PlyCount "59"]
[EventDate "2010.04.16"]
[EventType "team-tourn"]
[EventRounds "18"]
[EventCountry "CHN"]
[SourceTitle "EXT 2011"]
[Source "ChessBase"]
[SourceDate "2010.11.26"]
[SourceVersion "1"]
[SourceVersionDate "2010.11.26"]
[SourceQuality "1"]

1. d4 Nf6 2. c4 c5 3. d5 e6 4. Nc3 exd5 5. cxd5 d6 6. Nf3 g6 7. Nd2 Bg7 8. e4 0-0 9. Be2 a6 10. a4 Re8 11. 0-0 Nbd7 12. Qc2 Rb8 13. Ra3 Qc7 14. h3 b6 15. Rb3 Ne5 16. Nd1 Qa7 17. Kh1 Qe7 18. f4 Ned7 19. Nc3 c4 20. Rb4 b5 21. Bf3 Nc5 22. axb5 Nd3 23. Rxc4 axb5 24. Rxc8 Rbxc8 25. Qxd3 b4 26. Ne2 Nd7 27. Nd4 Qf6 28. Nc6 h5 29. Nc4 Nc5 30. Qe3 1-0

[Event "All China Games 4th"]
[Site "Hefei"]
[Date "2010.05.19"]
[Round "7"]
[White "Ning, Chunhong"]
[Black "Zhang, Xuan"]
[Result "1-0"]
[WhiteElo "2347"]
[BlackElo "2275"]
[PlyCount "89"]
[EventDate "2010.05.17"]
[EventType "swiss (rapid)"]
[EventRounds "11"]
[EventCountry "CHN"]
[SourceTitle "CBM 136 Extra"]
[Source "ChessBase"]
[SourceDate "2010.07.02"]
[SourceVersion "2"]
[SourceVersionDate "2010.07.15"]
[SourceQuality "1"]

1. e4 c5 2. Nf3 Nc6 3. c3 e6 4. d4 cxd4 5. cxd4 d5 6. e5 g6 7. Be2 Bg7 8. 0-0 Nge7 9. Nc3 0-0 10. Bf4 a6 11. Qd2 f6 12. exf6 Bxf6 13. Bh6 Bg7 14. Bxg7 Kxg7 15. Rad1 Nf5 16. Rfe1 Qf6 17. Na4 b5 18. Nc5 Ra7 19. Bf1 Rc7 20. b4 a5 21. a3 axb4 22. axb4 Nd6 23. Ra1 Nc4 24. Qc3 Re7 25. Ra2 Rff7 26. Rea1 Ra7 27. h3 Rfc7 28. Bxc4 dxc4 29. Rxa7 Rxa7 30. Rxa7+ Nxa7 31. Qa1 Nc6 32. Ne5 Nxe5 33. dxe5 Qe7 34. Qd4 Kf7 35. Ne4 Bd7 36. Qa7 Bc6 37. Nd6+ Kf8 38. Qc5 Bd7 39. f4 Kg8 40. Qc7 Kf8 41. Kh2 Kg8 42. Ne4 Kf7 43. Nd6+ Kf8 44. g3 Kg8 45. Nxb5 1-0

[Event "All China Games 4th"]
[Site "Hefei"]
[Date "2010.05.17"]
[Round "1"]
[White "Wang, Zili"]
[Black "Ning, Chunhong"]
[Result "1-0"]
[WhiteElo "2492"]
[BlackElo "2347"]
[PlyCount "91"]
[EventDate "2010.05.17"]
[EventType "swiss (rapid)"]
[EventRounds "11"]
[EventCountry "CHN"]
[SourceTitle "CBM 136 Extra"]
[Source "ChessBase"]
[SourceDate "2010.07.02"]
[SourceVersion "2"]
[SourceVersionDate "2010.07.15"]
[SourceQuality "1"]

1. e4 d5 2. exd5 Qxd5 3. Nc3 Qd6 4. d4 Nf6 5. Nf3 Bf5 6. Bc4 e6 7. Ne5 c6 8. Bf4 Qd8 9. g4 Bg6 10. h4 Bb4 11. h5 Be4 12. f3 Bd5 13. Qd3 Bxc4 14. Nxc4 Nd5 15. Bd2 Na6 16. Ne2 Bxd2+ 17. Qxd2 Qc7 18. Qg5 f6 19. Qd2 0-0-0 20. 0-0-0 g5 21. hxg6 hxg6 22. Rh6 g5 23. Rdh1 Rxh6 24. Rxh6 Qg7 25. Rh5 Rh8 26. Nd6+ Kc7 27. Ne4 Rxh5 28. gxh5 Qh6 29. N2g3 Nf4 30. Kd1 b6 31. a3 f5 32. Nc3 Nb8 33. Qh2 Nd7 34. Nce2 Nf6 35. c3 Kb7 36. Nxf4 gxf4 37. Ne2 Nxh5 38. Qh4 Qg6 39. Qe7+ Kb8 40. Qd6+ Kb7 41. Qd7+ Kb8 42. Qxc6 Qh6 43. Qd6+ Kb7 44. Qd7+ Kb8 45. d5 Ng3 46. Nd4 1-0

[Event "CHN-chT 4th"]
[Site "China"]
[Date "2008.12.08"]
[Round "16"]
[White "Ning, Chunhong"]
[Black "Gu, Xiaobing"]
[Result "0-1"]
[WhiteElo "2354"]
[BlackElo "2283"]
[PlyCount "114"]
[EventDate "2008.12.??"]
[EventType "team-tourn"]
[EventRounds "18"]
[EventCountry "CHN"]
[SourceTitle "EXT 2017"]
[Source "ChessBase"]
[SourceDate "2016.10.25"]
[SourceVersion "1"]
[SourceVersionDate "2016.10.25"]
[SourceQuality "1"]

1. c4 Nf6 2. Nc3 g6 3. g3 Bg7 4. Bg2 d6 5. Nf3 0-0 6. 0-0 c5 7. d4 Nc6 8. d5 Na5 9. Nd2 a6 10. Qc2 Rb8 11. b3 b5 12. Bb2 h5 13. Rad1 h4 14. Ba1 hxg3 15. hxg3 Ng4 16. cxb5 axb5 17. Nce4 Bxa1 18. Rxa1 Bf5 19. Nf3 Rc8 20. Nh4 Qd7 21. Qd2 b4 22. Qf4 Bxe4 23. Bxe4 Ne5 24. Bf5 e6 25. Bh3 Qe7 26. Nf3 exd5 27. Bxc8 Rxc8 28. Rad1 d4 29. Kg2 Nxf3 30. Qxf3 f5 31. Rh1 Kg7 32. Rh4 Re8 33. Rd2 g5 34. Rh5 Kg6 35. g4 fxg4 36. Qxg4 Qe4+ 37. Qxe4+ Rxe4 38. Rh8 Nc6 39. Rc8 Ne7 40. Re8 Kf7 41. Rh8 Ke6 42. Kf1 Rf4 43. Rd3 Nd5 44. Rg8 g4 45. Rg6+ Nf6 46. Kg2 Kf7 47. Rh6 Re4 48. Kf1 Kg7 49. Rh2 Nd5 50. Rh5 Nc3 51. Rd2 Kg6 52. Rh8 Rf4 53. Rh2 Ne4 54. Rd3 g3 55. Rg2 Rxf2+ 56. Rxf2 gxf2 57. Rf3 Nd2+ 0-1